Pays par Emojis #T - Statistiques

Statistiques générales
  • Ce quiz a été pris 41 fois
  • Le résultat moyen est 4 sur 13
Statistiques - réponses
Emojis Pays % Correct
🏜️ 🕌 🥖 Tunisie
57%
🕌 🏛️ 🥙 Turquie
57%
🐘 🏞️ 🌴 Tanzanie
50%
🏖️ 🕌 🥥 Thaïlande
50%
🏙️ 🌸 🥟 Taïwan
33%
🏔️ 🏞️ 🐏 Tadjikistan
30%
🏝️ 🌺 🐬 Tonga
30%
🌴 🏖️ 🐚 Tuvalu
27%
🌴 🏝️ 🎶 Trinité-et-Tobago
23%
🏜️ 🏞️ 🐫 Turkménistan
20%
🏜️ 🐫 🌾 Tchad
17%
🌴 🛶 🐢 Timor oriental
17%
🌴 🏞️ 🐂 Togo
17%
Aucun quiz correspondant
Distribution des résultats
% des personnes avec chaque résultat
Percentile par nombre de réponses
Votre historique - résultats
Vous n’avez pas pris ce quiz